000 00440pab a2200181 454500
008 180718b2002 xxu||||| |||| 00| 0 eng d
100 _aHazan, Moshe
245 _aChild labour, fertility, and economic growth
260 _c2002
300 _ap.810-28.
362 _aOct
650 _aEconomic growth
650 _aFertility
650 _aChild labour
700 _aBerdugo, Binyamin
773 _aEconomic Journal
909 _a54444
999 _c54444
_d54444